AUTOCAD 14 THE COMPLETE REFERENCE (Record no. 594)

MARC details
000 -LEADER
fixed length control field 00332nam a2200133Ia 4500
008 - FIXED-LENGTH DATA ELEMENTS--GENERAL INFORMATION
fixed length control field 240624s9999 xx 000 0 und d
041 ## - LANGUAGE CODE
Language code of text/sound track or separate title eng
082 ## - DEWEY DECIMAL CLASSIFICATION NUMBER
Classification number 604.20285536 COH
100 ## - MAIN ENTRY--PERSONAL NAME
Personal name COHN DAVID S
245 ## - TITLE STATEMENT
Title AUTOCAD 14 THE COMPLETE REFERENCE
260 ## - PUBLICATION, DISTRIBUTION, ETC.
Date of publication, distribution, etc. 2000
Place of publication, distribution, etc. New Delhi
Name of publisher, distributor, etc. Tata McGrawhill
300 ## - PHYSICAL DESCRIPTION
Extent xxx, : 1089
365 ## - TRADE PRICE
Currency code RS
Holdings
Withdrawn status Lost status Damaged status Not for loan Home library Current library Shelving location Date acquired Source of acquisition Cost, normal purchase price Full call number Barcode Date last seen Copy number Price effective from Koha item type
  Missing     IMTN IMTN Rack 19-A 10/24/2004 JBD 495.00 604.20285536 COH 594 06/24/2024 1 06/24/2024 Books
Designed & Maintained by: LRC IMT Nagpur Contact: lrc@imtnag.ac.in© 2024. All Rights Reserved.